Piłkarze po opisie - łatwy - Statystyki

Ogólne statystyki
  • Ten quiz został rozwiązany 786 razy
  • Średni wynik to 8 z 17
Statystyki odpowiedzi
Opis piłkarza Imię i nazwisko piłkarza % Poprawnych
Zawodnik, który nosił charakterystyczną fryzurę na mundialu w 2002 roku. Ronaldo
85%
Bohater najdroższego transferu. Zamienił La Ligę na Ligue 1. Neymar Jr
81%
Znany jest ze słynnego poślizgnięcia się, przez co Jego drużyna straciła szansę na pierwsze od wielu lat mistrzostwo w lidze. Steven Gerrard
66%
Były piłkarz m.in takich klubów jak PSG, Barcelona i Milan. Znany ze swoich zdolności technicznych i radości z gry. Zaniedbał nieco swoją karierę przez imprezowanie. Ronaldinho
61%
Był ostatnim zawodnikiem, który zdobył Złotą Piłkę przed dominacją Lionela Messiego i Cristiano Ronaldo. Kaka
60%
Bohater Ligi Mistrzów w 2018 roku (w negatywnym tego słowa znaczeniu). Zawodnik Liverpoolu, który obecnie znajduje się na wypożyczeniu w lidze tureckiej. Loris Karius
58%
Najlepszy strzelec w swojej reprezentacji. Zachwycał swoimi występami w Ekstraklasie, co poskutkowało transferem do Bundesligi. Robert Lewandowski
58%
Młody piłkarz, znany ze swojej dynamiczności i techniki. Zachwyca w Bundeslidze. Reprezentant Anglii. Jadon Sancho
52%
25-letni zawodnik Olympique Lyon. Miał swój nieudany epizod w Manchesterze United. Nagrał kilka swoich muzycznych utworów. Memphis Depay
51%
Zawodnik, który niedawno niedawno przeszedł zawał serca. Legenda Realu Madryt, w którym grał przez większość kariery. Iker Casillas
49%
Zawodnik, który zrobił furorę w Premier League w sezonie 2017/18. Zdobywał liczne indywidualne nagrody. Dwukrotny finalista Ligi Mistrzów ze swoim obecnym klubem. Przez wielu określany jako One Season Wonder (gwiazda jednego sezonu). Mohamed Salah
44%
Bohater najdroższego transferu w 2016 roku. Zawodnik, który przez większość swojego pobytu w Premier League nie spełniał oczekiwań kibiców. Paul Pogba
41%
Dwa lata leczył swoją kontuzję. Wróżono mu małe szanse na powrót do gry w piłkę. Obecnie wrócił i rozegrał bardzo dobry sezon w La Lidze. Santi Cazorla
38%
Zawodnik, który swoją karierę spędził w Bundeslidze, znany również z lojalności wobec swojego obencego klubu. W 2012 roku miał miejsce Jego transfer do wicemistrza ligi z sezonu 2018/19. Marco Reus
33%
Jego dobrą stroną są podania. Wielokrotnie wygrywał nagrody za najwięcej asyst w Premier League. Były gracz Realu Madryt. Mesut Ozil
32%
Były piłkarz Barcelony, w której miał niezbyt udaną przygodę. Obecnie gra w Premier League i powoli odbudowuje swoją formę. Andre Gomes
16%
Nie wystąpił w finale Ligi Europy w 2019 roku z powodu konfliktu politycznego między państwem, w którym rozgrywane było to spotkanie, a krajem, z którego pochodzi opisywany piłkarz. Henrikh Mkhitaryan
16%
Nie znaleziono quizów pasujących do podanych kryteriów
Rozkład punktacji
Procent ludzi z każdym wynikiem
Percentyl według liczby udzielonych odpowiedzi
Twoja historia wyników
Nie rozwiązałeś tego quizu